000 00316nam a2200133Ia 4500
005 20251222155125.0
008 251222s9999||||xx |||||||||||||| ||spa||
082 _aESC.109
100 _aComité Nac.para el desarr.
245 0 _aInforme anual sobre drogas
250 _a1ra. ed.
264 _bDevida
942 _cLIB
999 _c38584
_d38584